000 01508nam a2200373 c 4500
999 _c326795
_d326795
003 BLK
005 20250711113438.0
008 180411b bul|||||r ||||||| ||bul||
010 _aKNG00205410000
020 _a978-954-17-0328-1
040 _aBLK
041 _aBUL
_cBUL
072 7 _2bullib
_aН83
_xЧужда художествена литература Н
080 _aАмериканска литература (на САЩ)
_b821.111(73)
_x-31
_z821.111(73)-31
100 1 _aДжеймс, Елоиза
_eпърви автор
_gВетори, Мери Блай
_9335414
139 _aДжеймс, Елоиза
_bД 50
245 1 0 _aБрак по неволя
_bРоман
_cЕлоиза Джеймс; прев. Мариана Тошкова Христова; * Мери Блай Ветори.
257 _aUSA
260 _bКалпазанов
_c2018
300 _a384 с.
_c20 см
380 _aX
490 1 _aПоредица Отчаяни херцогини
500 _aОриг. загл. My American Duchess / Еloisa James. - Елоиза Джеймс - псевд. на Мери Блай Ветори.
653 _aромантична проза
653 _aромани
659 _aН
700 _aХристова, Мариана Тошкова
_d1981-
_9381272
700 1 _aВетори, Мери Блай
_e*
_9341093
852 _aЦб 285313
856 4 _qpdf
856 4 _qpdf
942 _cKNG
_n0
_075
944 _k30576
_lЦветомила Тодорова